| 000 | 00989am a2200325a 44500 | ||
|---|---|---|---|
| 003 | AR-BaBNM | ||
| 005 | 20251128211202.0 | ||
| 008 | 043020s2000 #AR|||||||||||000 | spa|| | ||
| 020 | _a987-9191-65-X | ||
| 040 | _cAR-BaBNM | ||
| 245 | 1 | 0 |
_aEnseñar y aprender a leer _bjardín de infantes y primer ciclo de la educación básica |
| 250 | _a1ª ed. | ||
| 260 |
_aBuenos Aires _bEdiciones Novedades Educativas _c2000 |
||
| 300 |
_a96 p. _bil., tablas |
||
| 490 | 0 | _aRecursos didácticos | |
| 504 | _aContiene referencias bibliográficas p. 95-96 | ||
| 650 | 4 | _aENSEÑANZA DE LA LECTURA | |
| 650 | 4 | _aALFABETIZACION | |
| 650 | 4 | _aMATERIAL DE LECTURA | |
| 650 | 4 | _aBIBLIOTECAS ESCOLARES | |
| 650 | 4 | _aROL DEL DOCENTE | |
| 653 | _aPRIMER CICLO DE LA EGB | ||
| 653 | _aEDUCACION INICIAL | ||
| 653 | _aJARDINES DE INFANTES | ||
| 700 | 1 |
_aCastedo, María Luisa _ecompilador |
|
| 700 | 1 | _aMolinari, María Claudia | |
| 700 | 1 | _aSiro, Ana | |
| 942 | _cBK | ||
| 998 | _craquel | ||
| 999 |
_c18621 _d18621 |
||